000 00465nam a2200193Ia 4500
001 14267
003 GE_BSU
008 181216s||||||||xx |||||||||||||| ||und||
040 _cGE_BSU
080 _a338
245 _aCost-Benefit Analysis. Selected Readings
245 _cEdited by Richard Layard
260 _aNew York
260 _bPenguin Books
260 _c1972
300 _a477p.18cm.
653 _aCost-Benefit Analysis. Selected Readings
942 _cBK
999 _c47405
_d47405